00375nam a22001337a 4500008004500000082001900045245002000064260005200084300001100136650001600147650001100163650001200174700005500186200724b 2003 ||||| |||| 00| 0 eng d a294.59212bSAM aSamvedabhashyam aNew DelhibManav Utthan Sankalpa Sansthanc2003 a448 p. aHindu Vedas aSamved aVedanta aVidyamartand, Swami Bramhamuni ParivrajakeSpeaker